Guter Grass : historia novelada al denudo /

Сохранить в:
Библиографические подробности
Главный автор: Trejos de Montero, Inés
Формат: Неизвестно
Язык:Spanish
Предметы:
Метки: Добавить метку
Нет меток, Требуется 1-ая метка записи!

MARC

LEADER 000000000a22000000004500
001 007293
041 0 |a spa 
100 1 |a Trejos de Montero, Inés 
245 1 0 |a Guter Grass :   |b historia novelada al denudo /   |c Inés Trejos de Montero. 
650 4 |a GRASS, GÜNTER, 1927 - 
650 4 |a PREMIOS LITERARIOS 
773 0 |x 1013-9060  |d San José, Costa Rica : Editorial de la Universidad Nacional Estatal a Distancia  |t Revista Nacional de Cultura   |g número 38 (2000), páginas 20-23 
942 |c ARC 
999 |c 13404  |d 13404